| 000 | 00812 a2200241 4500 | ||
|---|---|---|---|
| 003 | Nust | ||
| 005 | 20221020143514.0 | ||
| 010 | _a 94005639 | ||
| 020 | _a0849378311 | ||
| 040 | _cNust | ||
| 082 | 0 | 0 | _a620.01,GRA |
| 100 | 1 |
_aGrady, Jeffrey O. _92872 |
|
| 245 | 1 | 0 |
_aSystem integration / _cJeffrey O. Grady. |
| 260 |
_aBoca Raton : _bCRC Press, _c1994. |
||
| 300 |
_a256 p. : _bill. ; _c25 cm. |
||
| 440 | 0 |
_aSystems engineering series _92308 |
|
| 505 | _aPart 1: The Fundamentals (Page-1), Part 2: Process Integration (Page-70), Part 3: Product Integration (Page-169). | ||
| 650 | 0 | _aConcurrent engineering. | |
| 650 | 0 |
_aSystem analysis. _92233 |
|
| 650 | 0 | _aSystems engineering. | |
| 856 | 4 | 2 |
_3Publisher description _uhttp://www.loc.gov/catdir/enhancements/fy0744/94005639-d.html |
| 942 |
_2ddc _cBK |
||
| 999 |
_c212524 _d212524 |
||